000 00680nam a2200265Ia 4500
003 OSt
005 20221006151158.0
006 a|||||r|||| 00| 0
007 ta
008 221006b |||||||| |||| 00| 0 jpn d
020 _c¥680
024 _a21,205
037 _bGift, Japan Foundation
_cTextual
040 _aEASL
_cEASL
_bjpn
041 _2jpn
_ajpn
082 _a1008409
100 _aKUNIMITSU Shiro
245 0 _aShinkai gyozoku
260 _aTokyo
_bShueisha Bunko Japan
_c1985
300 _a558p.
_ccm.
490 _v JL
650 _aJL
942 _h1008409
_cTEXL
_2CC
999 _c1089291
_d1089291